|
|
|
|
| LEADER |
00000cam a2200000 a 4500 |
| 001 |
vtls008407457 |
| 003 |
SK-MaSNL |
| 005 |
20260301221641.0 |
| 008 |
210623s1951 xo f 000 0 slo |
| 015 |
|
|
|a SNBA19451955-014194
|
| 020 |
|
|
|q (brož.)
|
| 035 |
|
|
|a SK01SNKBKSFS20020099674
|
| 035 |
|
|
|a urn:nbn:sk:snk-am3ij4t
|
| 035 |
|
|
|a 1EC5F207-126F-4478-9641-1D0265A28ECB
|
| 035 |
|
|
|a urn:nbn:sk:snk-am00ela8
|
| 035 |
|
|
|a SKM000102137
|
| 040 |
|
|
|a SNK
|b slo
|c SNK
|e AACR2
|
| 041 |
0 |
|
|a slo
|
| 044 |
|
|
|a xo
|c SK
|
| 080 |
|
|
|a 656(437)
|2 1981
|
| 245 |
0 |
0 |
|a Zlepšovacie námety u ČSP
|b smernice pre vybavovanie a hodnotenie zlepšovacích námetov
|
| 260 |
|
|
|a Bratislava
|b Československá štátna pošta
|c 1951
|
| 300 |
|
|
|a 23 s.
|c 8°
|
| 500 |
|
|
|a Obálkový názov
|
| 610 |
2 |
7 |
|a Československá štátna pošta
|2 SNKKA
|9 608461
|
| 650 |
0 |
7 |
|a zlepšovacie návrhy
|2 SNKPH
|9 51995
|
| 655 |
|
7 |
|a smernice
|2 SNKPH
|9 26899
|
| 958 |
|
|
|a ONDV
|
| 958 |
|
|
|a TL
|
| 999 |
|
|
|c 936815
|d 938745
|
| 952 |
|
|
|a SNK
|b SNK
|y PREZ
|7 0
|p 17A0874291
|o snkSC 17468
|i snkF 1340/63
|8 5
|0 0
|1 0
|4 0
|d 2020-09-28
|f 1
|l 0
|r 2025-07-25 00:00:00
|w 2026-02-24
|
| 952 |
|
|
|a SNK
|b SNK
|y VYP
|7 0
|o snkSC 17468 D1
|0 0
|1 0
|4 0
|d 2020-09-28
|l 0
|r 2026-02-24 09:06:36
|w 2026-02-24
|